|
|
|
|
| LEADER |
00000nam a2200000 a 4500 |
| 001 |
vtls001311870 |
| 003 |
SK-MaSNL |
| 005 |
20260301113935.0 |
| 008 |
251124s1995 HU ab r 0 hun |
| 015 |
|
|
|a SNBZSA1998-00114
|
| 020 |
|
|
|a 963 8256 78 8
|c 380,00 Ft.
|
| 035 |
|
|
|a SNK000264255
|
| 040 |
|
|
|a SNK
|b slo
|c SNK
|e AACR2
|
| 041 |
0 |
|
|a hun
|
| 044 |
|
|
|a HU
|
| 080 |
|
|
|a 943.9"1918/1921"=945.11
|2 1981
|
| 080 |
|
|
|a 943.76"1918/1921"
|2 1981
|
| 080 |
|
|
|a 327(439:437.6)(091)
|2 1981
|
| 100 |
1 |
|
|a Raffay, Ernő
|4 aut
|9 456752
|
| 245 |
1 |
0 |
|a Magyar tragédia
|b Trianon 75 éve
|c Raffay Ernő
|
| 260 |
|
|
|a Budapest
|b Püski
|c 1995
|
| 300 |
|
|
|a 233 s., [2] s. mp. príl.
|b tab.
|c 20 cm
|
| 630 |
0 |
7 |
|a Treaty of Peace between the Allied and Associated Powers and Hungary (1920 jún 4.)
|2 SNK
|9 189441
|
| 651 |
|
7 |
|a Maďarsko
|x dejiny
|2 SNK
|9 18630
|
| 651 |
|
7 |
|a Slovensko
|x dejiny
|2 SNK
|9 13278
|
| 655 |
|
7 |
|a monografie
|2 SNK
|9 70139
|
| 919 |
|
|
|a 963 8256 78 8
|
| 958 |
|
|
|a ZS
|
| 958 |
|
|
|a TL
|
| 958 |
|
|
|a HU
|
| 999 |
|
|
|c 716412
|d 718342
|
| 952 |
|
|
|t P60, <03>, [BOOK], {603}
|a SNK
|b SNK
|y PREZ
|7 0
|p 17A0108873
|o snkSD 69077
|i snkV 2744/97
|0 0
|1 0
|4 0
|d 1997-11-25
|l 0
|r 2005-01-02 00:00:00
|w 2026-02-23
|